Pokémon - Les attaques de Chlorobule - Statistiques

Statistiques générales
  • Ce quiz a été pris 12 fois
  • Le résultat moyen est 12 sur 16
Statistiques - réponses
Niveaux Types Noms des attaques % Correct
Départ Normal Croissance
100%
Niveau 15 Plante Feuille Magik
100%
Niveau 18 Plante Giga-Sangsue
100%
Niveau 9 Plante Méga-Sangsue
100%
Niveau 42 Plante Tempête Verte
100%
Niveau 24 Plante Vampigraine
100%
Départ Plante Vol-Vie
100%
Niveau 36 Feu Zénith
100%
Niveau 21 Plante Éco-Sphère
80%
Niveau 6 Plante Para-Spore
80%
Niveau 30 Plante Poudre Dodo
80%
Niveau 12 Plante Aromathérapie
60%
Niveau 33 Plante Synthèse
60%
Niveau 27 Normal Après Vous
20%
Niveau 3 Normal Coup d'Main
20%
Niveau 39 Normal Ten-Danse
0%
Aucun quiz correspondant
Distribution des résultats
% des personnes avec chaque résultat
Percentile par nombre de réponses
Votre historique - résultats
Vous n’avez pas pris ce quiz